| 000 | 01290cam a2200301 i 4500 | ||
|---|---|---|---|
| 003 | OSt | ||
| 005 | 20250611093329.0 | ||
| 008 | 250605s2015 su o g 000 0cara c | ||
| 020 | _a9786030084739 | ||
| 040 |
_aSA-RiAUC _bara _cSA-RiAUC _erda |
||
| 043 | _aa-su--- | ||
| 082 | 0 | 4 |
_a922.113 _qSA-RiAUC |
| 090 |
_a922.113 _b ا ئ م |
||
| 245 | 0 | 0 |
_aأئمة الحرمين 1343-1436 ه / _cجمع وإعداد وترتيب عبد الله بن أحمد آل علاف الغامدي. |
| 250 | _aالطبعة الثانية. | ||
| 264 | 1 |
_aالطائف [السعودية] : _bدار الطرفين للنشر والتوزيع، _c[2015] |
|
| 300 |
_a1199 صفحة : _bصور ؛ _c24 سم |
||
| 336 |
_aنص _btxt _2rdacontent _3كتاب |
||
| 337 |
_aبدون وسيط _bn _2rdamedia |
||
| 338 |
_aمجلد _bnc _2rdacarrier |
||
| 650 | 7 |
_aالدعاة السعوديون _yقرون 14-15 هجري _vتراجم _2aucsh |
|
| 650 | 7 |
_aالحرمين الشريفين _vتراجم _2aucsh |
|
| 700 | 1 |
_aالعلاف، عبد الله بن أحمد، _d1383 هجري- _eجامع. |
|
| 856 |
_uhttp://saaid.net/book/open.php?cat=7&book=13429 _yExternal Link |
||
| 856 |
_uhttp://saaid.net/book/20/13798.pdf _yDigital Copy |
||
| 942 |
_2ddc _cBOOK _n0 |
||
| 949 |
_aSA-JeALM _d250605 _umohamedma123 _n1 |
||
| 999 |
_c8834 _d8834 |
||